<?xml version="1.0" encoding="UTF-8"?>
<collection xmlns="http://www.loc.gov/MARC21/slim">
 <record>
  <leader>01559nam a22003257a 4500</leader>
  <controlfield tag="001">5001</controlfield>
  <controlfield tag="003">BD-DhAAL</controlfield>
  <controlfield tag="005">20241101165146.0</controlfield>
  <controlfield tag="008">140407r19931977bg ||||| |||| 00| 0 ben d</controlfield>
  <datafield tag="020" ind1=" " ind2=" ">
   <subfield code="a">9840727680</subfield>
  </datafield>
  <datafield tag="020" ind1=" " ind2=" ">
   <subfield code="a">9840733818</subfield>
  </datafield>
  <datafield tag="040" ind1=" " ind2=" ">
   <subfield code="a">BD-DhAAL</subfield>
   <subfield code="c">BD-DhAAL</subfield>
  </datafield>
  <datafield tag="041" ind1=" " ind2=" ">
   <subfield code="a">ben</subfield>
  </datafield>
  <datafield tag="082" ind1=" " ind2=" ">
   <subfield code="a">891.44</subfield>
   <subfield code="2">23</subfield>
  </datafield>
  <datafield tag="100" ind1=" " ind2=" ">
   <subfield code="a">নজরুল ইসলাম,</subfield>
   <subfield code="c">কাজী,</subfield>
   <subfield code="d">১৮৯৯-১৯৭৬.</subfield>
   <subfield code="9">53229</subfield>
  </datafield>
  <datafield tag="245" ind1=" " ind2=" ">
   <subfield code="a">নজরুল-রচনাবলী.</subfield>
   <subfield code="n">তৃতীয় খন্ড /</subfield>
   <subfield code="c">কাজী নজরুল ইসলাম, আবদুল কাদির সম্পাদিত.</subfield>
  </datafield>
  <datafield tag="246" ind1=" " ind2=" ">
   <subfield code="a">Nazrul rachanavali (works of Qazi Nazrul Islam)</subfield>
  </datafield>
  <datafield tag="260" ind1=" " ind2=" ">
   <subfield code="a">ঢাকা :</subfield>
   <subfield code="b">বাংলা একাডেমী,</subfield>
   <subfield code="c">১৯৭৭, ১৯৯৩, ১৯৯৬.</subfield>
  </datafield>
  <datafield tag="300" ind1=" " ind2=" ">
   <subfield code="a">[তেষট্টি], ১০৯২ পৃষ্ঠা ;</subfield>
   <subfield code="c">২২ সে.মি.</subfield>
  </datafield>
  <datafield tag="362" ind1=" " ind2=" ">
   <subfield code="a">Vol. 3</subfield>
  </datafield>
  <datafield tag="541" ind1=" " ind2=" ">
   <subfield code="a">Donated By Akbar Ali Khan</subfield>
   <subfield code="d">5001, 38870</subfield>
  </datafield>
  <datafield tag="600" ind1=" " ind2=" ">
   <subfield code="a">Nazrul Islam,</subfield>
   <subfield code="c">Kazi,</subfield>
   <subfield code="d">1899-1976.</subfield>
   <subfield code="9">4241</subfield>
  </datafield>
  <datafield tag="650" ind1=" " ind2=" ">
   <subfield code="a">Bengali poetry.</subfield>
  </datafield>
  <datafield tag="650" ind1=" " ind2=" ">
   <subfield code="a">Bengali literature.</subfield>
  </datafield>
  <datafield tag="700" ind1=" " ind2=" ">
   <subfield code="a">কাদির, আবদুল.</subfield>
   <subfield code="9">4243</subfield>
  </datafield>
  <datafield tag="852" ind1=" " ind2=" ">
   <subfield code="a">Ayesha Abed Library</subfield>
   <subfield code="c">General Stacks</subfield>
  </datafield>
  <datafield tag="942" ind1=" " ind2=" ">
   <subfield code="2">ddc</subfield>
   <subfield code="c">BK</subfield>
  </datafield>
  <datafield tag="999" ind1=" " ind2=" ">
   <subfield code="c">14280</subfield>
   <subfield code="d">14280</subfield>
  </datafield>
  <datafield tag="952" ind1=" " ind2=" ">
   <subfield code="0">0</subfield>
   <subfield code="1">0</subfield>
   <subfield code="2">ddc</subfield>
   <subfield code="4">0</subfield>
   <subfield code="6">891_440000000000000_NAZ</subfield>
   <subfield code="7">0</subfield>
   <subfield code="9">24117</subfield>
   <subfield code="a">BRACUL</subfield>
   <subfield code="b">BRACUL</subfield>
   <subfield code="c">GEN</subfield>
   <subfield code="d">2014-04-07</subfield>
   <subfield code="g">125.00</subfield>
   <subfield code="l">0</subfield>
   <subfield code="o">891.44 NAZ</subfield>
   <subfield code="p">3010005001</subfield>
   <subfield code="r">2014-04-07</subfield>
   <subfield code="t">1</subfield>
   <subfield code="w">2014-04-07</subfield>
   <subfield code="y">BK</subfield>
  </datafield>
  <datafield tag="952" ind1=" " ind2=" ">
   <subfield code="0">0</subfield>
   <subfield code="1">0</subfield>
   <subfield code="2">ddc</subfield>
   <subfield code="4">0</subfield>
   <subfield code="6">891_440000000000000_NAZ</subfield>
   <subfield code="7">1</subfield>
   <subfield code="9">71453</subfield>
   <subfield code="a">BRACUL</subfield>
   <subfield code="b">BRACUL</subfield>
   <subfield code="c">AWC</subfield>
   <subfield code="d">2022-08-03</subfield>
   <subfield code="e">Donated by Akbar Ali Khan</subfield>
   <subfield code="l">0</subfield>
   <subfield code="o">891.44 NAZ</subfield>
   <subfield code="p">3010038870</subfield>
   <subfield code="r">2022-08-03</subfield>
   <subfield code="t">2</subfield>
   <subfield code="w">2022-08-03</subfield>
   <subfield code="y">BK</subfield>
  </datafield>
 </record>
</collection>
